000 00930nam a2200205 a 4500
008 060316s1984 ||||||||||||||||| || u
020 _a0070712018
050 _aBF 121 Wit
100 _aWittig, Arno F
245 1 0 _aPsychology : an introduction
260 _aNew York :
_bMcGraw-Hill
_c1984
300 _axiii, 658 p., [4] p. of plates : ill.
350 _a0.00
500 _aIncludes bibliography
650 3 _aPSYCHOLOGY
700 _aWilliams, Gurney, 1941-
995 _aBINDERY (DAMAGED)
_D0.00
_e712946
_FCBU-MAIN LIBRARY (Kitwe)
_H3
_I9.95
_jBF 121 Wit
_M2
_UDAMAGED
_y000957
_ZMain Library Open Access Collection
995 _aBINDERY (DAMAGED)
_D0.00
_e712944
_FCBU-MAIN LIBRARY (Kitwe)
_H1
_I9.95
_jBF 121 Wit
_M3
_UDAMAGED
_y000958
_ZMain Library Open Access Collection
995 _aMAIN LIBRARY OPEN ACCESS
_D0.00
_e712947
_FCBU-MAIN LIBRARY (Kitwe)
_H4
_I9.95
_jBF 121 Wit
_M1
_UAVAILABLE
_y000956
_ZMain Library Open Access Collection
999 _c77123
_d77123